000 01687nam a2200397 c 4500
003 BLK
005 20180420225118.0
008 180408b bul|||||r ||||||| ||bul||
010 _aKNG00093104000
020 _a978-954-9928-56-3
_bиздат.: Валентин Траянов
040 _aBLK
041 _aBUL
_cBUL
072 7 _2bullib
_aН70
_xИзкуства Н
080 _aДраматични театри. Театри за драма и комедия. Вж и 82-2
_b792.2
_x(497.2)
_z792.2(497.2)
100 1 _aСтефанов, Васил
_eпърви автор
_gДимчев, Васил Стефанов
_9269578
700 1 _aДимчев, Васил Стефанов
_e*
_9303167
139 _aСтефанов, Васил
_bС 75
245 1 0 _aПътят на режисурата
_cВасил Стефанов; * Васил Стефанов Димчев.
257 _aBGR
260 София
_bВалентин Траянов
_c2011
_fСофия : Аси Принт
300 _a408 с.
_c24 см
380 _a7
500 _aПълното име на авт. Васил Стефанов Димчев. - Библиогр. под линия. - Азб. показалец.
650 4 _aРежисура - техника и майсторство
_9293002
650 4 _aТеатър - България
_9267405
651 4 _aБългария
_9241624
653 _aрежисура
653 _aтеатрална режисура
653 _aтеатър
659 _aН
852 _aЦб 254686
856 4 _qpdf
_u
856 4 _qpdf
_u
942 _cKNG
_n0
944 _aCR
_c26.03.2012
_lф /
_kПенка_Димитрова
944 _aED
_c17.04.2015
_lф /
_kЛюдмила_Стоянова
999 _c88440
_d88440